000 00583nam a22002057a 4500
003 OSt
005 20251028050532.0
008 251028b |||||||| |||| 00| 0 eng d
020 _a978-97-511-890-3.
040 _aDWCL-Main lib
_cOC
082 _aCirc. 658.85 Z68s 2005.
100 _aZig Ziglar
245 _aSecrets of closing the sale updated ed.
260 _aManila :
_bOMF Literature Inc.,
_cc2005.
300 _a424 pages ;
_c23 cm.
504 _aIncludes index.
650 _21. Sales management.
650 _22. Selling.
942 _2ddc
_cBK-CIRC
_eUpdated ed.
_kCirc.
_n0
999 _c5229
_d5229